Online
Catalog

De amor y penar / (Record no. 50284)

MARC details
000 -CABECERA
campo de control de longitud fija 01008nam a22002657a 4500
003 - IDENTIFICADOR DEL NÚMERO DE CONTROL
campo de control DO-SdBNP
005 - FECHA Y HORA DE LA ÚLTIMA TRANSACCIÓN
campo de control 20240228103022.0
007 - CAMPO FIJO DE DESCRIPCIÓN FÍSICA--INFORMACIÓN GENERAL
campo de control de longitud fija ta
008 - DATOS DE LONGITUD FIJA--INFORMACIÓN GENERAL
campo de control de longitud fija 210825b dr ac||er|||| 001 p spa d
020 ## - NÚMERO INTERNACIONAL ESTÁNDAR DEL LIBRO
Número Internacional Estándar del Libro 9789945592276
040 ## - FUENTE DE LA CATALOGACIÓN
Centro catalogador/agencia de origen DO-SdBNP
Lengua de catalogación spa
Centro/agencia transcriptor BNPHU
041 ## - CÓDIGO DE LENGUA
Código de lengua original spa
082 #4 - NÚMERO DE LA CLASIFICACIÓN DECIMAL DEWEY
Número de clasificación RD861.44
Número de documento/Ítem G216d
100 1# - ENTRADA PRINCIPAL--NOMBRE DE PERSONA
Nombre de persona García Guerra, Iván,
Fechas asociadas al nombre 1938-
9 (RLIN) 144
245 10 - MENCIÓN DE TÍTULO
Título De amor y penar /
Mención de responsabilidad, etc. Iván García Guerra.
260 ## - PUBLICACIÓN, DISTRIBUCIÓN, ETC.
Lugar de publicación, distribución, etc. Santo Domingo :
Nombre del editor, distribuidor, etc. Impretur,
Fecha de publicación, distribución, etc. [1996?]
300 ## - DESCRIPCIÓN FÍSICA
Extensión 233 p. :
Otras características físicas il., retr. ;
Dimensiones 22 cm.
505 ## - NOTA DE CONTENIDO CON FORMATO
Nota de contenido con formato Introito.
505 ## - NOTA DE CONTENIDO CON FORMATO
Nota de contenido con formato Prótasis.
Título Exuberancias juveniles.--
-- Raíces de la unión.--
-- Paréntesis hiriente.--
-- Frances compañera.--
-- Páginas sueltas.--
-- Dos villancicos un oración.--
-- Búsqueda.--
-- En familia.--
-- Más páginas sueltas.--
-- El amor sigue presente.--
-- Colofón.--
590 ## - NOTA LOCAL (RLIN)
Nota local Inventariado 2021 / MF
650 #4 - PUNTO DE ACCESO ADICIONAL DE MATERIA--TÉRMINO DE MATERIA
Término de materia o nombre geográfico como elemento de entrada Poesía dominicana.
9 (RLIN) 79579
650 #4 - PUNTO DE ACCESO ADICIONAL DE MATERIA--TÉRMINO DE MATERIA
Término de materia o nombre geográfico como elemento de entrada Literatura dominicana
9 (RLIN) 79580
910 ## - DATOS DE OPCIÓN DEL USUARIO (OCLC)
Datos de opción del usuario Validado. Control de calidad 2021/ MFF
942 ## - ELEMENTOS DE PUNTO DE ACCESO ADICIONAL (KOHA)
Fuente del sistema de clasificación o colocación Dewey Decimal Classification
Tipo de ítem Koha Libro
Holdings
Estado de retiro Estado de pérdida Fuente del sistema de clasificación o colocación Restricciones de uso No para préstamo Código de colección Localización permanente Ubicación/localización actual Ubicación en estantería Fecha de adquisición Fuente de adquisición Total de préstamos Signatura topográfica completa Código de barras Fecha visto por última vez Precio válido a partir de Tipo de ítem Koha Nota pública Número de copia
    Dewey Decimal Classification Excluido de préstamo Excluido de préstamo Dominicana de Servicio Biblioteca Nacional Pedro Henríquez Ureña General Depósito 04.12.2018 Depósito legal   BNPHU DS RD861.44 G216a 2021-25709 25.08.2021 25.08.2021 Libro y Folleto Colección Dominicana de Servicio Ejemplar autobiografiado e.3
    Dewey Decimal Classification Excluido de préstamo Excluido de préstamo Patrimonio Dominicano Biblioteca Nacional Pedro Henríquez Ureña Patrimonio Dominicano Depósito 04.12.2018 Depósito legal   BNPHU PD RD861.44 G216a 2021-25707 25.08.2021 25.08.2021 Libro y Folleto Colección Patrimonio Dominicano Ejemplar autobiografiado  
    Dewey Decimal Classification Excluido de préstamo Préstamo restrigido Patrimonio Dominicano Biblioteca Nacional Pedro Henríquez Ureña Patrimonio Dominicano Depósito 04.11.2018 Depósito legal   BNPHU PD RD861.44 G216a 2021-25708 25.08.2021 25.08.2021 Libro y Folleto Colección Patrimonio Dominicano Ejemplar autobiografiado e.2

Powered by Koha